| 000 | 00829nam a2200253 a 4500 | ||
|---|---|---|---|
| 001 | 68723 | ||
| 003 | BD-RjUL | ||
| 005 | 20211209081813.0 | ||
| 008 | 170405r19661963enka 001 0 eng | ||
| 035 | _a(BD-RjUL)68933 | ||
| 040 |
_aDLC _cDLC _dBD-RjUL _beng |
||
| 041 | _aeng | ||
| 082 | 0 | 0 |
_a539.7 _223 _bLIA 1966 |
| 100 | 1 |
_aLittlefield, T. A. _q(Thomas Albert), _d1912- _9202401 |
|
| 245 | 1 | 0 |
_aAtomic and nuclear physics : _ban introduction / _cT. A. Littlefield and N. Thorley. |
| 260 |
_aNew York : _bVan Nostrand company ltd., _c1963, [reprinted 1966] |
||
| 300 |
_axv, 436 p. : _bill. ; _c25 cm. |
||
| 500 | _aIncludes index. | ||
| 650 | 0 |
_aAtoms. _9200534 |
|
| 650 | 0 |
_aNuclear physics. _9202402 |
|
| 650 | 0 |
_aQuantum theory. _9202403 |
|
| 700 | 1 |
_aThorley, N. _q(Norman), _d1913- _ejoint author. _9202404 |
|
| 942 |
_2ddc _cBK |
||
| 999 |
_c68723 _d68723 |
||